| 000 | 00377cam a22001337a 4500 | ||
|---|---|---|---|
| 008 | 180718b1953 xxu||||| |||| 00| 0 eng d | ||
| 082 | _aD49x4 Sa38 | ||
| 100 | _aSalvemini, Gaetano | ||
| 245 |
_aPrelude to world war II _cby Gaetano Salvemini |
||
| 260 |
_aLondon _bVictor Gollancz _c1953 |
||
| 300 | _a519p | ||
| 650 | _aWorld War, 1939-1945 --Causes | ||
| 650 | _aWorld politics | ||
| 999 |
_c425282 _d425282 |
||